LEADER 01493cam0-22004571i-450- 001 990001434350403321 005 20071106091542.0 010 $a88-7997-034-8 035 $a000143435 035 $aFED01000143435 035 $a(Aleph)000143435FED01 035 $a000143435 100 $a20001205d1998----km-y0itay50------ba 101 0 $aita 102 $aIT 105 $ay-------101yy 200 1 $aFederigo Enriques$efilosofia e storia del pensiero scientifico$f[relazioni di] Giorgio Bolondi ... [et al.]$ga cura di Ornella Pompeo Faracovi e Francesco Speranza 210 $aLivorno$cBelforte editore libraio$d1998 215 $a300 p.$d21 cm 225 1 $aDimensionilibri$v5 300 $aPresentate a un convegno tenuto a Livorno nel 1996 300 $aIn appendice: Albert Einstein a Federigo Enriques, a cura di O. Pompeo Faracovi 610 0 $aFondamenti delle scienze fisiche e naturali 610 0 $aScienze e filosofia$aItalia$a1890$a1950 610 0 $aEnriques, Federigo 676 $a510.92 702 1$aBolondi,$bGiorgio 702 1$aPompeo Faracovi,$bOrnella 702 1$aSperanza,$bFrancesco$f<1932-1998 ;$cmatematico> 801 0$aIT$bUNINA$gRICA$2UNIMARC 901 $aBK 912 $a990001434350403321 952 $a4-267$fFI1 952 $a4-267.001$fFI1 952 $a13 H 21 03$b11725$fFINBC 952 $aZIT-027$b22434$fMA1 959 $aFI1 959 $aFINBC 959 $aMA1 996 $aFederigo Enriques$9187712 997 $aUNINA LEADER 01896cam--2200457---450- 001 990001356080203316 005 20110510093914.0 035 $a000135608 035 $aUSA01000135608 035 $a(ALEPH)000135608USA01 035 $a000135608 100 $a20040120e19711951km-y0itay50------ba 101 0 $afre 102 $aLI 105 $ay|||||||001yy 200 1 $aManuel bibliographique de la littérature française du Moyen Age$fRobert Bossuat$aManuel bibliographique de la littérature française du Moyen Age. Supplement (1949-1953)$fRobert Bossuat$gavec le concours de Jacques Monfrin 210 $aNendeln$cKraus Reprint$d1971 215 $aXXXIV, 638, 150 p.$d24 cm 225 2 $aBibliothèque Elzévirienne$hNouvelle série$iÉtudes et documents 300 $aRiproduzione facsimilare dell'edizione: Melun : Librairie D'Argences, 1951-1955 410 0$12001$aBibliothèque Elzévirienne$hNouvelle série$iÉtudes et documents 516 1 $aManuel bibliographique de la littérature française du Moyen Age et supplement 1949-53 606 0 $aLetteratura francese$zMedioevo$xBibliografie$2BNCF 676 $a016.8409001 700 1$aBOSSUAT,$bRobert$0131352 702 1$aMONFRIN,$bJacques 801 0$aIT$bsalbc$gISBD 912 $a990001356080203316 951 $aVI.4. Bibl. 5(016.8 BOS)$b67600 L.M.$cVI.4. Bibl.$d00296477 959 $aBK 969 $aUMA 979 $aSIAV4$b10$c20040120$lUSA01$h1202 979 $aSIAV4$b10$c20040210$lUSA01$h1800 979 $aSIAV4$b10$c20040210$lUSA01$h1805 979 $aPATRY$b90$c20040406$lUSA01$h1736 979 $aCOPAT2$b90$c20051118$lUSA01$h1304 979 $aCOPAT6$b90$c20070329$lUSA01$h1142 979 $aANNAMARIA$b90$c20110510$lUSA01$h0934 979 $aANNAMARIA$b90$c20110510$lUSA01$h0939 996 $aManuel bibliographique de la littérature française du Moyen age$9183544 997 $aUNISA LEADER 04966nam 2200625 450 001 9910480797603321 005 20170816153156.0 010 $a1-78063-089-1 035 $a(CKB)2550000001198049 035 $a(EBL)1639616 035 $a(SSID)ssj0000747230 035 $a(PQKBManifestationID)11427536 035 $a(PQKBTitleCode)TC0000747230 035 $a(PQKBWorkID)10703606 035 $a(PQKB)10276838 035 $a(MiAaPQ)EBC1639616 035 $a(PPN)187349452 035 $a(EXLCZ)992550000001198049 100 $a20140212h20062006 uy 0 101 0 $aeng 135 $aur|n|---||||| 181 $ctxt 182 $cc 183 $acr 200 10$aManaging archives $efoundations, principles and practice /$fCaroline Williams 210 1$aOxford, England :$cChandos Publishing,$d2006. 210 4$d©2006 215 $a1 online resource (267 p.) 225 1 $aChandos Information Professional Series 225 0$aChandos information professional series 300 $aDescription based upon print version of record. 311 $a1-84334-112-3 311 $a1-84334-113-1 320 $aIncludes bibliographical references and index. 327 $aCover; Managing Archives: Foundations, Principlesand Practice; Copyright; Dedication; Contents; List of figures; List of tables; Acknowledgements; About the author; 1 Introduction; 2 Principles and purposes of records and archives; Defining archives. What is the difference between records and archives?; The qualities of records (and archives); Archival principles and concepts; The document, knowledge and information management disciplines; How people and organisations use records and archives; Introducing the core functions of archives management; The role of the archivist and records manager 327 $aArchives and organisations in contextOrganisational models of archive repositories; Archives in the UK and Ireland; Notes; 3 Selection, appraisal and acquisition; Definitions; Appraisal theory; Developing an acquisitions strategy; How do archivists appraise?; Acquisition; Notes; 4 Archival arrangement and description; Introduction; Finding aids; Arrangement; Classification; Arranging the content of collections; Archival description; Retrieving information from archives; Indexing and authority standards; Notes; 5 Access, reference and advocacy; Access: international and ethical issues 327 $aThe UK access agendaAccess: legislation, standards and policies; Legislation and access in the private sector; Access standards and policies; Access and reference services: the user base; Providing a reference service; Advocacy and outreach; Outreach activities; Evaluating the impact of access services; Notes; 6 Preservation; Introduction; Defining the preservation function; Development and implementation of preservation policies, strategies and standards; Assessment of preservation needs through surveys, audits and benchmarking 327 $aRecognising the attributes of and threats to diverse media and formatsPreservation activities: buildings, environmental management, storage and packaging, handling and use; Emergency planning; The role of conservation; Reformatting materials, creating surrogates and managing digital data; Born-digital preservation and digitisation programmes; Digitisation projects; Notes; 7 Managing an archive service; Define your own role; The organisational context; Organisational planning; Defining an archive's aims (goals) and objectives; Project management; Developing an archives policy 327 $aStocktaking: the survey or environmental analysisHuman resources: staff and volunteers; Surveying the archives; The final analysis; Measuring your performance; Notes; Bibliography; Archives and Records Management: general; Appraisal; Arrangement and description; Access; Preservation; Index 330 $aManaging Archives provides a practical guide to archives management. It has three main target audiences: those who have been tasked by their organization to manage its archives but who have no prior training; those who are starting out as professionals or para-professionals in a record keeping environment and need basic guidance; and students who are currently studying for a professional qualification. Basic guidance is supplemented by comprehensive references to professional literature, standards, web sites etc. to enable the reader to further their studies at their own pace. The text include 410 0$aChandos Information Professional Series 606 $aArchives$xAdministration 606 $aArchives$xManagement 608 $aElectronic books. 615 0$aArchives$xAdministration. 615 0$aArchives$xManagement. 676 $a025.1714 700 $aWilliams$b Caroline$0487968 801 0$bMiAaPQ 801 1$bMiAaPQ 801 2$bMiAaPQ 906 $aBOOK 912 $a9910480797603321 996 $aManaging archives$92027160 997 $aUNINA LEADER 02148nam a2200397 i 4500 001 991000394069707536 005 20020503180004.0 008 980216s1995 it ||| | ita 020 $a8842048070 035 $ab10071118-39ule_inst 035 $aLE02515224$9ExL 040 $aFac. Economia$bita 082 0 $a330.092 245 00$aAntonio De Viti De Marco :$btra liberismo economico e democrazia liberale /$c[relazioni di] P. Biffis... [et al.] ; a cura di Antonio Pedone 260 $aRoma ;$aBari :$bLaterza,$c1995 300 $axv, 312 p. ;$c21 cm 490 0 $aBiblioteca di cultura moderna ;$v1085 500 $aRelazioni presentate al Convegno tenuto a Lecce nel 1994 650 4$aDe Viti De Marco, Antonio 650 4$aEconomia$xSaggi 700 1 $aBiffis, Paolo 700 1 $aPedone, Antonio 907 $a.b10071118$b17-02-17$c27-06-02 912 $a991000394069707536 945 $aLE025 ECO 330 PED01.01 $g1$i2025000037908$lle025$o-$pE0.00$q-$rn$so $t0$u3$v5$w3$x0$y.i10080120$z27-06-02 945 $aLE025 ECO 330 PED01.01$g2$i2025000037915$lle025$o-$pE0.00$q-$rn$so $t0$u1$v0$w1$x0$y.i10080132$z27-06-02 945 $aLE025 ECO 330 PED01.01 $g3$i2025000194984$lle025$nC. 3$o-$pE0.00$q-$rl$s- $t0$u5$v9$w5$x0$y.i13848872$z23-09-04 945 $aLE025 ECO 330 PED01.01 $g4$i2025000194885$lle025$nC. 4$o-$pE0.00$q-$rl$s- $t0$u1$v5$w1$x0$y.i13848884$z23-09-04 945 $aLE025 ECO 330 PED01.01 $g5$i2025000038189$lle025$o-$pE0.00$q-$rl$s- $t0$u1$v0$w1$x0$y.i10080168$z27-06-02 945 $aLE025 ECO 330 PED01.01 $g6$i2025000038172$lle025$o-$pE0.00$q-$rl$s- $t0$u3$v0$w3$x0$y.i10080156$z27-06-02 945 $aLE025 ECO 330 PED01.01 $g7$i2025000194892$lle025$nC. 1$o-$pE0.00$q-$rl$s- $t0$u3$v1$w3$x0$y.i13848859$z23-09-04 945 $aLE025 ECO 330 PED01.01 $g8$i2025000194977$lle025$nC. 2$o-$pE0.00$q-$rl$s- $t0$u1$v3$w1$x0$y.i13848860$z23-09-04 945 $aLE025 330.092 PED01.01 C.3$g3$i2025000038165$lle025$o-$pE0.00$q-$rl$sm $t0$u3$v5$w3$x0$y.i10080144$z27-06-02 996 $aAntonio De Viti De Marco$9163840 997 $aUNISALENTO 998 $ale025$b01-01-98$cm$da $e-$fita$git $h0$i5